Caste and kinship in central India: (Record no. 17830)

MARC details
000 -LEADER
fixed length control field 00804cam a22002651 4500
001 - CONTROL NUMBER
control field 8892767
003 - CONTROL NUMBER IDENTIFIER
control field BDDh-ASL
005 - DATE AND TIME OF LATEST TRANSACTION
control field 20231015025638.0
008 - FIXED-LENGTH DATA ELEMENTS--GENERAL INFORMATION
fixed length control field 720920s1960 cau b 000 0 eng
010 ## - LIBRARY OF CONGRESS CONTROL NUMBER
LC control number 60002076
035 ## - SYSTEM CONTROL NUMBER
System control number (OCoLC)411100
040 ## - CATALOGING SOURCE
Original cataloging agency DLC
Transcribing agency ODaWU
Modifying agency BDDh-ASL
042 ## - AUTHENTICATION CODE
Authentication code premarc
050 00 - LIBRARY OF CONGRESS CALL NUMBER
Classification number DS422.C3
Item number M3
082 ## - DEWEY DECIMAL CLASSIFICATION NUMBER
Classification number 306.8309543
Item number MAC
100 1# - MAIN ENTRY--PERSONAL NAME
Personal name Mayer, Adrian C.
245 10 - TITLE STATEMENT
Title Caste and kinship in central India:
Remainder of title a village and its region/
Statement of responsibility, etc. Adrian C. Mayer.
260 ## - PUBLICATION, DISTRIBUTION, ETC.
Place of publication, distribution, etc. London:
Name of publisher, distributor, etc. Routledge & Kegan Paul Ltd.,
Date of publication, distribution, etc. [c1960]
300 ## - PHYSICAL DESCRIPTION
Extent xvi, 295 p.
Dimensions 23 cm.
504 ## - BIBLIOGRAPHY, ETC. NOTE
Bibliography, etc. note Includes bibliographical references and index.
650 #0 - SUBJECT ADDED ENTRY--TOPICAL TERM
Topical term or geographic name entry element Caste
Geographic subdivision India.
650 #0 - SUBJECT ADDED ENTRY--TOPICAL TERM
Topical term or geographic name entry element Kinship
Geographic subdivision India
9 (RLIN) 671
906 ## - LOCAL DATA ELEMENT F, LDF (RLIN)
a 7
b cbc
c oclcrpl
d u
e ncip
f 19
g y-gencatlg
942 ## - ADDED ENTRY ELEMENTS (KOHA)
Source of classification or shelving scheme Dewey Decimal Classification
Koha item type Books
Holdings
Withdrawn status Lost status Source of classification or shelving scheme Damaged status Not for loan Collection code Home library Current library Shelving location Date acquired Source of acquisition Total Checkouts Full call number Barcode Date last seen Copy number Price effective from Koha item type Public note
    Dewey Decimal Classification   Not For Loan Non-fiction Asiatic Society Library Asiatic Society Library Harrison Collection 09/13/2020 Donated by Prof. John B. Harrison   306.8309 MAC 100961 09/13/2020 C-1 09/13/2020 Books RARE

Powered by Koha